US cities with the most Apartments - Statistics

General Stats
  • This quiz has been taken 83 times
  • The average score is 4 of 5
Answer Stats
# of Apartments Answer % Correct
31,247 New York City
100%
7,551 Los Angeles
96%
3,569 Houston
79%
10,731 Dallas
76%
6,814 San Jose
25%
No matching quizzes found
Score Distribution
Percent of People with Each Score
Percentile by Number Answered
Your Score History
You have not taken this quiz